Detalles MARC
| 000 -LÍDER |
| Campo fijo de descripción fija |
02973nam a2200313 i 4500 |
| 001 - NÚMERO DE CONTROL |
| Campo de control |
768714001 |
| 003 - IDENTIFICADOR DEL NÚMERO DE CONTROL |
| Campo de control |
CO-MdFUSB |
| 005 - FECHA Y HORA DE LA ULTIMA TRANSACCIÓN |
| control field |
20250528152701.0 |
| 008 - ELEMENTOS DE LONGITUD FIJA -- INFORMACIÓN GENERAL |
| Campo fijo de descripción fija -- Información general |
910522t1992 -us||||||ab 000 ||eng|c |
| 020 ## - NÚMERO INTERNACIONAL NORMALIZADO PARA LIBROS |
| Número Internacional Normalizado del libro |
0268015155 |
| 040 ## - FUENTE DE CATALOGACIÓN |
| Agencia de catalogación original |
CO-MdFUSB |
| Idioma de catalogación |
spa |
| Agencia que realiza la transcripción |
CO-MdFUSB |
| Agencia que realiza la modificación |
CO-MdFUSBC |
| Convenciones de la descripción |
rda |
| 041 ## - CÓDIGO DE IDIOMA |
| Código de idioma para texto/pista de sonido o título separado |
eng |
| 082 ## - NÚMERO DE CLASIFICACIÓN DECIMAL DEWEY |
| Número de la edición del Dewey |
23 |
| Número de clasificación |
202.118 |
| Clave de autor-Numero de item |
P962 |
| 245 04 - TÍTULO |
| Título del Material |
The Problem of evil : |
| Parte restante del título - Subtitulo |
selected readings / |
| Mención de responsabilidad, etc. |
editado por Michael L. Peterson |
| 264 #1 - PRODUCCIÓN, PUBLICACIÓN, DISTRIBUCIÓN, MANUFACTURA, Y COPYRIGHT |
| Lugar de producción, publicación, distribución, manufactura |
Notre Dame, Indiana, Estados Unidos : |
| Nombre del productor, publicador, distribuidor |
University of Notre Dame Press, |
| Fecha de producción, publicación, distribución, manufactura, o copyright |
[1992] |
| 264 #4 - PRODUCCIÓN, PUBLICACIÓN, DISTRIBUCIÓN, MANUFACTURA, Y COPYRIGHT |
| Fecha de producción, publicación, distribución, manufactura, o copyright |
© 1992 |
| 300 ## - DESCRIPCIÓN FÍSICA |
| Extensión |
391 páginas ; |
| Dimensiones |
24 cm |
| 336 ## - TIPO DE CONTENIDO |
| Fuente |
rdacontent |
| Término de tipo de contenido |
texto |
| Código de tipo de contenido |
txt |
| 337 ## - TIPO DE MEDIO |
| Fuente |
rdamedia |
| Nombre del tipo de medio |
sin mediación |
| Código del tipo de medio |
n |
| 338 ## - TIPO DE SOPORTE |
| Fuente |
rdacarrier |
| Nombre del tipo de soporte |
volumen |
| Código Tipo de soporte |
nc |
| 504 ## - NOTA DE BIBLIOGRAFÍA, ETC. |
| Nota de bibliografía, etc |
Incluye bibliografía |
| 505 ## - NOTA DE CONTENIDO |
| Nota de contenido con formato preestablecido |
Prefacio -- Introducción: El problema del mal -- Enunciados clásicos del problema. -- Tratamientos tradicionales -- La queja de Job y la respuesta del torbellino -- Del libro de Job -- Ningún mal viene de Dios / Santo Tomás de Aquino -- El mal y el Dios de la religión / David Hume -- tratamientos modernos -- Rebelión / Fiódor Dostoievski -- El sufrimiento físico y la justicia de Dios / Albert Camus -- Noche / Elie Wiesel -- Versiones del problema del mal -- El problema lógico --Maldad y omnipotencia / JL Mackie -- La defensa del libre albedrío / Alvin Plantinga -- El problema probatorio -- ¿Es el mal evidencia en contra de la existencia de Dios? / Miguel Martín -- El mal como evidencia contra la existencia de Dios / David Basinger -- El problema existencial -- Sobre lamentar los males de este mundo / William Hasker -- Sufrimiento redentor: una solución cristiana al problema del mal / Marilyn M. Adams -- Perspectivas en la teodicea -- Teodicea agustiniana -- La capacidad de una buena creación para el mal / San Agustín -- Agustín y la negación del mal genuino / David Ray Griffin -- teodicea ireneana -- El mundo como un valle de creación de almas / John Hick --El Dios amoroso: Algunas observaciones de la teodicea de Hick / Roland Puccetti. Teodicea del proceso -- La persuasión divina y el triunfo del Bien / Lewis Ford -- Poder malvado y persuasivo / Peter Hare y Edward Madden -- Cuestiones en el problema del malDios y el mejor mundo posible -- ¿Debe Dios crear lo mejor? / Roberts M.Adams -- Dios, la perfección moral y los mundos posibles / Philip L. Quinn -- Los males naturales y las leyes naturales -- Mal natural / Richard Swinburne -- Conocimiento, libertad y el problema del mal / Eleonore Stump -- Defensa y teodicea -- Por qué plantinga debe pasar de la defensa a la teodicea / Jerry L. Walls -- Muros publicitarios / Alvin Plantinga -- Teodicea teórica y práctica -- Tomando el sufrimiento en serio / Kenneth Surin -- ¿Se puede evitar la teodicea? El reclamo del mal no redimido / James Wetzel |
| 563 ## - NOTA DE ENCUADERNACIÓN |
| Nota de encuadernación |
Rústico |
| 653 ## - TÉRMINO DE INDIZACIÓN - NO CONTROLADO |
| Término no controlado |
Teodicea |
| 700 1# - ASIENTO SECUNDARIO - NOMBRE PERSONAL |
| Nombre personal |
Peterson, Michael L. |
| Responsabilidad |
editor |
| 942 ## - TIPO DE MATERIAL (KOHA) |
| Tipo de Item KOHA |
Libros General |
| 945 ## - INFORMACIÓN LOCAL DEL REGISTRO |
| Catalogador |
Mag1104 |